Normal view
MARC view
Entry Personal Name
001 - CONTROL NUMBER
- control field: 46170
003 - CONTROL NUMBER IDENTIFIER
- control field: ARRUPE
005 - DATE AND TIME OF LATEST TRANSACTION
- control field: 20190430153320.0
008 - FIXED-LENGTH DATA ELEMENTS
- fixed length control field: 190430|| aca||aabn | a|a d
040 ## - CATALOGING SOURCE
- Original cataloging agency: ARRUPE
- Transcribing agency: ARRUPE
100 ## - HEADING--PERSONAL NAME
- Personal name: Donne, John,
- Dates associated with a name: 1572-1631
- Form subdivision: Correspondence.
670 ## - SOURCE DATA FOUND
- Source citation: Work cat.: (ARRUPE)0: Donne, John, 1572-1631. 15781, Selected prose /, 1987.